Normal view MARC view
  • Roa Osorio, Oscar a

Entry NOMBRE PERSONAL

Number of records used in: 2

001 - NUMERO DE CONTROL DEL REGISTRO

  • Campo de control: 87953

003 - IDENTIFICADOR DEL NÚMERO DE CONTROL

  • Campo de control: ES-SlBCS

005 - FECHA Y HORA DE LA ÚLTIMA TRANSACCIÓN

  • Campo de control: 20210530114152.0

008 - ELEMENTOS DE LONGITUD FIJA

  • Campos de control de longitud fija: 210327|| aca||aabn | a|a d

040 ## - FUENTE DE LA CATALOGACIÓN

  • Agencia que crea de manera original el registro: ES-SlBCS
  • Agencia que realiza la transcripción: ES-SlBCS

100 1# - ENCABEZAMIENTO - NOMBRE PERSONAL

  • Nombre personal: Roa Osorio, Oscar a

670 ## - FUENTE EN LA QUE SE LOCALIZARON DATOS

  • Cita de la fuente: Work cat.: (ES-SlBCS)447572: Roa Osorio, Oscar a, La iglesia como interpretante dentro de una perspectiva triádica de la revelación cristiana según la semiótica de C. S. Peirce

Bibliotecas Dominicos Provincia Hispania, 2016

Con tecnología Koha